World Map Without 20 Random Countries - Statistics

General Stats
  • This quiz has been taken 107 times
  • The average score is 18 of 20
Answers on the Map
Answers color-coded by a green-red scale on the quiz's map according to % correct below.
 
Answer Stats
Country % Correct
Algeria
100%
Argentina
100%
Australia
100%
Austria
100%
Bangladesh
100%
Belarus
100%
Belgium
100%
Benin
100%
Bolivia
100%
Bosnia and Herzegovina
100%
Botswana
100%
Brazil
100%
Bulgaria
100%
Burkina Faso
100%
Canada
100%
Central African Republic
100%
Chad
100%
Chile
100%
China
100%
Croatia
100%
Czech Republic
100%
Denmark
100%
Dominican Republic
100%
DR Congo
100%
Ecuador
100%
Egypt
100%
Equatorial Guinea
100%
Ethiopia
100%
Fiji
100%
Finland
100%
France
100%
Gabon
100%
Georgia
100%
Germany
100%
Greece
100%
Guinea
100%
Guinea-Bissau
100%
Guyana
100%
Honduras
100%
India
100%
Indonesia
100%
Iran
100%
Ireland
100%
Japan
100%
Kazakhstan
100%
Kenya
100%
Kosovo
100%
Laos
100%
Lesotho
100%
Liberia
100%
Libya
100%
Lithuania
100%
Mali
100%
Mauritania
100%
Mauritius
100%
Mexico
100%
Mongolia
100%
Morocco
100%
Mozambique
100%
Namibia
100%
Nicaragua
100%
Niger
100%
North Korea
100%
North Macedonia
100%
Norway
100%
Oman
100%
Pakistan
100%
Panama
100%
Paraguay
100%
Peru
100%
Poland
100%
Portugal
100%
Romania
100%
Russia
100%
Sao Tome and Principe
100%
Saudi Arabia
100%
Senegal
100%
Serbia
100%
Seychelles
100%
Slovakia
100%
Slovenia
100%
South Africa
100%
South Sudan
100%
Spain
100%
Sudan
100%
Sweden
100%
Switzerland
100%
Tajikistan
100%
Togo
100%
Turkey
100%
Tuvalu
100%
Uganda
100%
Ukraine
100%
United Kingdom
100%
United States
100%
Uruguay
100%
Venezuela
100%
Zambia
100%
Zimbabwe
100%
Myanmar
92%
Sierra Leone
90%
Uzbekistan
90%
Armenia
89%
Estonia
89%
Madagascar
89%
Taiwan
89%
Costa Rica
88%
Hungary
88%
Italy
88%
Jordan
88%
New Zealand
88%
Papua New Guinea
88%
Republic of the Congo
88%
Colombia
86%
Haiti
86%
Iraq
86%
Latvia
86%
Nigeria
86%
South Korea
86%
Tanzania
86%
Vietnam
86%
Afghanistan
83%
Burundi
83%
Guatemala
83%
Israel
83%
Marshall Islands
83%
Netherlands
83%
Thailand
83%
Yemen
83%
Cambodia
80%
Cape Verde
80%
Ghana
80%
Moldova
80%
Nepal
80%
Turkmenistan
80%
Vanuatu
80%
Rwanda
78%
Azerbaijan
75%
Cameroon
75%
Eswatini
75%
Jamaica
75%
Kyrgyzstan
75%
Nauru
75%
Somalia
75%
Kiribati
73%
Albania
71%
Bahamas
71%
Belize
71%
Iceland
71%
Suriname
71%
Angola
67%
Comoros
67%
Malaysia
67%
Malta
67%
Philippines
67%
Sri Lanka
67%
El Salvador
60%
Samoa
60%
Tunisia
60%
Solomon Islands
58%
Malawi
57%
United Arab Emirates
57%
Cuba
50%
Eritrea
50%
FS Micronesia
50%
Ivory Coast
50%
Maldives
50%
Palau
50%
Syria
50%
Kuwait
40%
Tonga
40%
No matching quizzes found
Score Distribution
Percent of People with Each Score
Percentile by Number Answered
Your Score History
You have not taken this quiz